Представление документа в формате RUSMARC

ПолеНазваниеЗначение
  Тип записи i
  Библиографический уровень m
001 Контрольный номер RU/IS/BASE/555505847
005 Дата корректировки 20240410112236.2
010 Индекс ISBN __
d Цена 153-36
100 Данные общей обработки __
a Данные общей обработки 19170808d2015||||||| 0rusy0189 ca
101 Язык документа 1_
a Язык текста rus
c Язык оригинала nnn
102 Страна публикации __
a Страна публикации ru
105 Кодированные данные (монография) __
a Кодированные данные (монография) nn|||||||f|zy
127 Кодированные данные (звукозаписи-физические характеристики) __
a Продолжительность проигрывания 07 ч
200 Заглавие и сведения об ответственности 1_
a Заглавие Маленькая принцесса
e Сведения, относящиеся к заглавию [аудиокнига : 0+]
f Первые сведения об ответственности Фрэнсис Бернетт ; [читает Наталья Михеева ; перевод А. Рождественской]
b Общее обозначение материала Звукозапись
210 Выходные данные __
a Место издания Москва
c Издательство Аудиокнига
d Дата издания 2015
215 Физическое описание __
a Объем 1 электрон. опт. диск (Audio CD)
c Иллюстрации/тип воспроизводства mp3
d Формат 12х14 см
230 Специфическая характеристика материала: электронные ресурсы __
a Обозначение и объем ресурса Электронные звуковые данные
300 Общие примечания __
a Общие примечания Заглавие с этикетки диска
323 Примечание о главных создателях, исполнителях, участниках __
a Примечание о главных создателях, исполнителях, участниках Михеева, Н. (читает)
330 Аннотация __
a Аннотация Героиня этой истории придумала для себя Игру. "Принцесса должна достойно держать себя, не обижаться на глупых и злых людей, помогать всем, кто нуждается в помощи, не показывать, что она злится или расстроена". Замечательная, трогательная и захватывающая сказка о приключениях девочки Сары, которая сумела справиться с непростыми испытаниями, уготованными ей судьбой, нашла в себе силы, чтобы не отчаяться, выдержать испытания и не только обрести счастье, но и помочь другим поверить в себя.
333 Примечание о целевом назначении __
a Примечание о целевом назначении 0+
337 Примечание о системных требованиях (электронные ресурсы) __
a Примечание о системных требованиях (электронные ресурсы) Системные требования: CD-плеер с поддержкой MP3 или Pentium-233 c Windows 9x-XP ; CD-ROM ; звуковая карта
606 Тематические рубрики __
a Основная рубрика Художественная литература
606 Тематические рубрики __
a Основная рубрика Литература Америки (произведения)
y Географическая подрубрика Великобритания
y Географическая подрубрика США
610 Ключевые слова __
a Ключевые слова американская литература
a Ключевые слова детская литература
a Ключевые слова зарубежная литература
a Ключевые слова иностранная литература
a Ключевые слова литературные персонажи
a Ключевые слова повести
a Ключевые слова повести-сказки
a Ключевые слова Сара Кру
a Ключевые слова сказки
a Ключевые слова сказки-повести
a Ключевые слова сказочные повести
a Ключевые слова тема детей
a Ключевые слова тема детства
a Ключевые слова тема отцов
a Ключевые слова тема приключений
a Ключевые слова тема семьи
a Ключевые слова тема сиротства
686 Индексы других классификаций __
2 Код системы rubbks
a Классификационный индекс ст84(7Сое)-4я0
700 Автор _1
a Фамилия Бернетт
b Имя Ф. Э.
f Даты 1849-1924
g Полное личное имя Фрэнсис Элиза
4 Код отношения 070
702 Вторичная интеллектуальная ответственность _1
a Фамилия Рождественская
b Имя А.
4 Код отношения Переводчик
4 Код отношения 730
801 Источник записи _0
a Страна ru
b Организация Муниципальное бюджетное учреждение культуры "Централизованная библиотечная система" г. Сургут (Центральная городская библиотека им. А. С. Пушкина)
c Дата составления 20170808
g Правила каталогизации КиК/Апакова
801 Источник записи _1
a Страна ru
b Организация Муниципальное бюджетное учреждение культуры "Централизованная библиотечная система" г. Сургут (Центральная городская библиотека им. А. С. Пушкина)
c Дата составления 20170808
g Правила каталогизации КиК/Апакова
852 Данные о местонахождении __
j Шифр хранения ст84(7Сое)-4я0
i Авторский знак Б 51
901 Тип документа __
t Тип документа 0
903 Характеристики (МАРС) __
a Дата передачи 20170808
969 Тип издания __
a Тип издания аудиокнига; издание для детей; издание для слепых
990 Данные о заказе (DOS) __
j Количество экземпляров (DOS) 6
t N записи в КСУ для И/У (DOS) 201708